000 01976 a2200205 4500
001 34970
005 20260407155635.0
008 260407a1984 arg spa d
003 AR-UNSa-BCEJYS
040 _aAR-UNSa-BCEJYS
_bspa
_cAR-UNSa-BCEJYS
080 _a35
_xAdministración Pública
245 1 0 _aLa reforma de la administración pública en America Latina
_pelementos para una evaluación
264 1 _aMadrid :
_bInstituto Nacional de Administración Pública (INAP)
_c1984
300 _a326 p.
_c19 cm.
505 _aParte I: Análisis globales: 1. La reforma administrativa en América Latina. Una revisión del marco conceptual / Bernardo Kliksberg – 2. El papel de la reforma administrativa en la estrategia del desarrollo / Gonzalo Martner -3. Administración Púbica: Bases sustantivas para su reforma e investigación / Paulo Motta – Parte II: Problemas claves: 4. Administración Pública versus Administración Privada. Aspectos de eficiencia / Humberto Gallego G. – 5. Reflexiones sobre problemas estratégicos en el adiestramiento y la formación de recursos humanos para la gestión pública en América Latina / Bernardo Kliksberg – 6. Reflexiones sobre la producción de tecnología administrativa para el sector público en los países en desarrollo / Yehezkel Dror – 7. La cooperación técnica de las Naciones Unidas en reforma administrativa e investigación en Administración Pública en América Latina / Ignacio Pérez Salgado – 8. Formación histórica del Estado en América Latina: elementos teórico-metodológicos para su estudio / Oscar Oszlak – Parte III: Evaluación de experiencias nacionales: 9. Reflexiones sobre la estrategia de la reforma administrativa: la experiencia brasilera / Kleber Nascimiento – 10. Algunas consideraciones sobre la reforma administrativa en Venezuela / Luis Rodríguez Mena -
041 _aspa
942 _cBK
590 _aniveau_biblio:m niveau_hierar:0
100 1 _aKliksberg, Bernardo
999 _c2523
_d2523